Cours de thèmes latins, destinés à former les élèves de quatrième à l'application des règles de la syntaxe et à l'imitation du latin de César
Gespeichert in:
| 1. Verfasser: | |
|---|---|
| Weitere Verfasser: | |
| Format: | keine Angabe |
| Sprache: | Spanisch |
| Erschienen: |
Liége [Liège]
H. Dessain, imprimeur-libraire
1866
|
| Ausgabe: | 2e édition |
| Katalog: | MANES: Suchergebnis im Bibliothekskatalog |
| Schulbuchspezifische Eigenschaften: |
|
| Schlagworte: | |
| Tags: |
Tag hinzufügen
Keine Tags, Fügen Sie den ersten Tag hinzu!
|
| Hinzugefügt zu: | 26.04.2016 |
MARC
| LEADER | 000000000a22000000004500 | ||
|---|---|---|---|
| 001 | 23608 | ||
| 008 | 160427s be ||||| |||| 00| 0 spa d | ||
| 040 | |a manes |c manes | ||
| 041 | |a Latín | ||
| 100 | 1 | |a HENNEBERT, O. |b Docteur en philosophie et lettres, professeur à l'Athénée royal de Bruxelles |c Ancien inspecteur de l'enseignement moyen, actuellement professeur à l'Université de Gand | |
| 245 | 0 | 0 | |a Cours de thèmes latins, destinés à former les élèves de quatrième à l'application des règles de la syntaxe et à l'imitation du latin de César |
| 250 | |a 2e édition | ||
| 260 | 3 | |a Liége [Liège] |b H. Dessain, imprimeur-libraire |c 1866 | |
| 300 | |a VII+341 p. | ||
| 500 | |a GA |a L'emploi de cet ouvrage est autorisé dans les athénées royaux/Ouvrage qui a obtenu le prix au concours institué par l'arrêté royal du 27 décembre 1856. Déposé en Belgique et en France/Quant à l'application des règles de la syntaxe, nous nous sommes astreints à suivre pas à pas la grammaire de M. Gantrelle, ancien inspecteur de l'enseignement moyen, actuellement professeur à l'Université de Gand (I) | ||
| 546 | |a Bélgica | ||
| 650 | 7 | |a Lenguas Clásicas | |
| 655 | 7 | |a Secundaria | |
| 700 | 1 | |a GANTRELLE, M. [grammaire] | |
| 942 | |2 ddc |c BK | ||
| 999 | |c 45936 |d 45936 | ||
| 999 | |c manes:45936 |d 45936 | ||